Inštitucionálne prostredie a jeho kvalita vo vybraných krajinách strednej a východnej Európy bakalárska práca

Salvato in:
Dettagli Bibliografici
Autore principale: Jendrušová, Dominika
Ente Autore: Obchodná fakulta EU. Katedra medzinárodného obchodu
Altri autori: Steinhauser, Dušan, 1988-
Natura: Libro
Lingua:slovacco
Pubblicazione: Bratislava 2017
Tags: Aggiungi Tag
Nessun Tag, puoi essere il primo ad aggiungerne!!

MARC

LEADER 00000nbm a2200000 4500
001 0232685
005 20170818095553.6
041 0 |a slo 
044 |a SK 
245 1 0 |a Inštitucionálne prostredie a jeho kvalita vo vybraných krajinách strednej a východnej Európy  |b bakalárska práca  |c Dominika Jendrušová ; školiteľ: Dušan Steinhauser 
264 1 |a Bratislava  |c 2017 
300 |a 48 s. 
100 1 |a Jendrušová, Dominika 
700 1 |a Steinhauser, Dušan, 1988- 
710 2 |a Obchodná fakulta EU. Katedra medzinárodného obchodu